Propuesta de componentes de los subsistema de Provisión, Aplicación y Mantenimiento de la Administración de los Recursos Humanos de la Escuela primaria - Secundaria Bilingüe Milagros de Dios ubicado en la ciudad de Managua
Presenta una propuesta de componentes de los subsistemas de provisión aplicación y mantenimiento de la administración de los Recursos Humanos de la Escuela primaria - Secundaria Bilingüe MILAGROS DE DIOS ubicado en la ciudad de Managua la cual describe una serie de instrumentos organizativos y f...
| Main Authors: | , |
|---|---|
| Other Authors: | |
| Format: | Tesis Section = Libro |
| Language: | Undetermined Spanish |
| Published: |
Managua
UNI
2009
|
| Subjects: |
| LEADER | 01524nam a2200265Ia 4500 | ||
|---|---|---|---|
| 008 | 240830s9999 xx 000 0 und d | ||
| 040 | |a BIBLIOTECA-RUPAP Mon 658.3 S684 | ||
| 041 | |a spa | ||
| 082 | |a Mon 658.3 S684 | ||
| 100 | 1 | |a Solano Sánchez, Harley Antonio | |
| 100 | 1 | |b Rivas López, César Dwight | |
| 245 | 1 | 0 | |a Propuesta de componentes de los subsistema de Provisión, Aplicación y Mantenimiento de la Administración de los Recursos Humanos de la Escuela primaria - Secundaria Bilingüe Milagros de Dios ubicado en la ciudad de Managua |
| 260 | |a Managua |b UNI |c 2009 | ||
| 300 | |a 295 p. :il. | ||
| 500 | |a Contiene: anexos e Incluye: CD. | ||
| 502 | |a Tesis (Ingeniero de Sistemas)- UNI, 2009. | ||
| 520 | 3 | |a Presenta una propuesta de componentes de los subsistemas de provisión aplicación y mantenimiento de la administración de los Recursos Humanos de la Escuela primaria - Secundaria Bilingüe MILAGROS DE DIOS ubicado en la ciudad de Managua la cual describe una serie de instrumentos organizativos y funcionales, que permiten a la escuela iniciar sus operaciones administrativas en conformidad a las leyes, reglamentos y normas que afecten la implantación de esta organización y su funcionamiento. | |
| 650 | 7 | |a ADMINISTRACION DE RECURSOS HUMANOS - ESCUELA MILAGROS DE DIOS | |
| 650 | 7 | |b ADMINISTRACION DE PERSONAL | |
| 650 | 7 | |c ORGANIZACIÓN | |
| 650 | 7 | |d MANUAL DE FUNCIONES | |
| 700 | 1 | |a Tutor: |b Machado Bello, Xiomara Argentina | |
| 942 | |c BK |2 ddc | ||
| 991 | |a TESIS | ||
| 999 | |c 17060 | ||